| 000 | 00395nam a22001337a 4500 | ||
|---|---|---|---|
| 082 |
_a530 _bBow _cL-6, P-2 |
||
| 100 |
_aBower, Ernest O. _939727 |
||
| 245 |
_aAchievement tests in physics _cBower, Ernest O. |
||
| 260 |
_aNew York _bRand Msnally & Company _c1948 |
||
| 300 |
_aVerable p. : _bill, ; _c24 cm. |
||
| 526 |
_a0 _b0 _c0 _d530_000000000000000_BOW |
||
| 650 |
_aMCE _9379 |
||
| 942 |
_2ddc _cBK |
||
| 999 |
_c544172 _d544172 |
||